[Event "SRB-ch Semifinal 2021"]
[Site "Paracin"]
[Date "2021.03.17"]
[Round "3.9"]
[White "Irizanin, Radoje"]
[Black "Mijatovic, Dusan"]
[Result "1/2-1/2"]
[WhiteElo "2343"]
[BlackElo "2246"]
[Annotator "NA"]
[PlyCount "66"]
[EventDate "2021.03.16"]
[EventType "swiss"]
[EventCountry "SRB"]
[SourceTitle "playchess.com"]
[Source "ChessBase"]
[SourceQuality "1"]
[TimeControl "40/5400+30:1800+30"]

1. a3 {[%emt 0:00:06]} Nf6 {[%emt 0:00:17]} 2. Nf3 {[%emt 0:02:08]} g6 {[%emt 0:00:45]} 3. Nc3 {[%emt 0:02:14]} d5 {[%emt 0:00:35]} 4. d4 {[%emt 0:01:17]} Bg7 {[%emt 0:00:09]} 5. e3 {[%emt 0:01:40]} O-O {[%emt 0:02:15]} 6. Be2 {[%emt 0:00:55]} Nbd7 {[%emt 0:02:16]} 7. O-O {[%emt 0:01:04]} c6 {[%emt 0:00:26]} 8. b3 {[%emt 0:05:18]} Qc7 {[%emt 0:02:50]} 9. Bb2 {[%emt 0:03:09]} e5 {[%emt 0:01:06]} 10. dxe5 {[%emt 0:04:31]} Nxe5 {[%emt 0:01:20]} 11. Rb1 {[%emt 0:00:33]} Ne4 {[%emt 0:10:25]} 12. Nxe4 {[%emt 0:03:22]} dxe4 {[%emt 0:00:12]} 13. Nxe5 {[%emt 0:00:39]} Bxe5 {[%emt 0:00:07]} 14. Bxe5 {[%emt 0:00:09]} Qxe5 {[%emt 0:00:02]} 15. Qd4 {[%emt 0:05:53]} Qxd4 {[%emt 0:27:46]} 16. exd4 {[%emt 0:00:23]} Be6 {[%emt 0:00:06]} 17. f4 {[%emt 0:07:33]} exf3 {[%emt 0:14:03]} 18. Bxf3 {[%emt 0:01:42]} Rad8 {[%emt 0:00:17]} 19. Rbd1 {[%emt 0:02:54]} Bd5 {[%emt 0:03:57]} 20. c4 {[%emt 0:00:30]} Bxf3 {[%emt 0:00:15]} 21. Rxf3 {[%emt 0:02:29]} Rd7 {[%emt 0:01:37]} 22. Kf2 {[%emt 0:02:25]} f5 {[%emt 0:00:59]} 23. Rfd3 {[%emt 0:04:08]} Rfd8 {[%emt 0:01:49]} 24. R1d2 {[%emt 0:07:24]} Kf7 {[%emt 0:01:17]} 25. Kf3 {[%emt 0:08:14]} g5 {[%emt 0:01:30]} 26. d5 {[%emt 0:02:03]} cxd5 {[%emt 0:01:55]} 27. cxd5 {[%emt 0:00:22]} Kf6 {[%emt 0:01:03]} 28. g3 {[%emt 0:06:55]} Rd6 {[%emt 0:03:40]} 29. b4 {[%emt 0:02:51]} Ke5 {[%emt 0:02:44]} 30. Re3+ {[%emt 0:03:14]} Kf6 {[%emt 0:00:01]} 31. Red3 {[%emt 0:03:37]} Ke5 {[%emt 0:00:15]} 32. Re2+ {[%emt 0:00:25]} Kf6 {[%emt 0:00:01]} 33. Red2 {[%emt 0:03:13]} Ke5 1/2-1/2

[Event "SRB-ch Semifinal 2021"]
[Site "Paracin"]
[Date "2021.03.17"]
[Round "3.10"]
[White "Abramovic, Bosko"]
[Black "Ivic, Matija"]
[Result "1-0"]
[WhiteElo "2330"]
[BlackElo "2186"]
[Annotator "NA"]
[PlyCount "69"]
[EventDate "2021.03.16"]
[EventType "swiss"]
[EventCountry "SRB"]
[SourceTitle "playchess.com"]
[Source "ChessBase"]
[SourceQuality "1"]
[TimeControl "40/5400+30:1800+30"]

1. Nf3 {[%emt 0:04:52]} Nf6 {[%emt 0:00:00]} 2. g3 {[%emt 0:00:11]} d5 {[%emt 0:00:10]} 3. Bg2 {[%emt 0:00:14]} c5 {[%emt 0:03:39]} 4. O-O {[%emt 0:01:00]} Nc6 {[%emt 0:00:08]} 5. d4 {[%emt 0:00:16]} Bg4 {[%emt 0:01:13]} 6. Ne5 {[%emt 0:05:53]} cxd4 {[%emt 0:01:12]} 7. Nxg4 {[%emt 0:00:14]} Nxg4 {[%emt 0:00:03]} 8. e3 {[%emt 0:00:12]} Nf6 {[%emt 0:00:06]} 9. exd4 {[%emt 0:00:07]} e6 {[%emt 0:00:42]} 10. c3 {[%emt 0:01:39]} Bd6 {[%emt 0:00:46]} 11. Nd2 {[%emt 0:02:47]} O-O {[%emt 0:00:26]} 12. Re1 {[%emt 0:00:22]} Qc7 {[%emt 0:00:56]} 13. Nb3 {[%emt 0:00:37]} b5 {[%emt 0:01:27]} 14. a3 {[%emt 0:00:06]} Nd7 {[%emt 0:02:40]} 15. Bf1 {[%emt 0:13:35]} Rab8 {[%emt 0:02:10]} 16. Be3 {[%emt 0:00:16]} a5 {[%emt 0:02:09]} 17. Nc1 {[%emt 0:02:41]} Ne7 {[%emt 0:02:57]} 18. Nd3 {[%emt 0:01:10]} Nf5 {[%emt 0:01:27]} 19. Bd2 {[%emt 0:01:30]} Nb6 {[%emt 0:05:03]} 20. Bh3 {[%emt 0:02:12]} Ne7 {[%emt 0:00:19]} 21. b4 {[%emt 0:00:18]} Nc4 {[%emt 0:00:41]} 22. Nc5 {[%emt 0:00:07]} Ra8 {[%emt 0:00:26]} 23. Bg5 {[%emt 0:02:07]} Ng6 {[%emt 0:02:23]} 24. Bf1 {[%emt 0:08:58]} e5 {[%emt 0:07:22]} 25. dxe5 {[%emt 0:05:29]} Bxe5 {[%emt 0:00:48]} 26. Qd3 {[%emt 0:16:06]} Ra7 {[%emt 0:03:58]} 27. Bg2 {[%emt 0:01:58]} h6 {[%emt 0:01:54]} 28. Be3 {[%emt 0:00:10]} Nxe3 {[%emt 0:00:30]} 29. Qxe3 {[%emt 0:00:15]} Rd8 {[%emt 0:00:14]} 30. Rad1 {[%emt 0:01:52]} axb4 {[%emt 0:00:14]} 31. axb4 {[%emt 0:00:21]} Ra3 {[%emt 0:00:26]} 32. Bxd5 {[%emt 0:03:26]} Rxc3 {[%emt 0:02:09]} 33. Qe4 {[%emt 0:01:23]} Rd6 {[%emt 0:02:51]} 34. f4 {[%emt 0:05:36]} Bf6 {[%emt 0:02:16]} 35. Bxf7+ {[%emt 0:01:59]} 1-0

[Event "SRB-ch Semifinal 2021"]
[Site "Paracin"]
[Date "2021.03.18"]
[Round "4.1"]
[White "Sedlak, Nikola"]
[Black "Radovanovic, Nikola"]
[Result "1-0"]
[WhiteElo "2514"]
[BlackElo "2391"]
[Annotator "TA"]
[PlyCount "75"]
[EventDate "2021.03.16"]
[EventType "swiss"]
[EventCountry "SRB"]
[SourceTitle "playchess.com"]
[Source "ChessBase"]
[SourceQuality "1"]

{[%evp 10,75,22,15,41,39,42,2,25,21,29,19,17,18,30,23,30,23,20,12,20,10,22,10,7,0,0,0,4,10,42,51,47,28,41,49,65,43,144,161,155,170,223,226,227,220,253,256,310,309,405,259,306,312,358,374,784,769,746,740,918,900,826,555,538,552,552,530]} 1. d4 d5 2. Nf3 Nf6 3. e3 g6 4. Nbd2 Bg7 5. b4 O-O 6. c4 b6 {D02: 1 d4 d5 2 Nf3 sidelines, including 2...Nf6 3 g3 and 2...Nf6 3 Bf4.} 7. Bb2 Bb7 8. b5 Nbd7 {The position is equal.} 9. Be2 a6 10. a4 dxc4 11. Nxc4 axb5 12. axb5 {[#]} Rxa1 $146 ({Predecessor:} 12... Ne4 13. O-O Nd6 14. Nce5 Nxe5 15. dxe5 Ne4 16. Bd4 Nc5 17. Bxc5 bxc5 18. Qc2 Bxf3 19. Bxf3 Bxe5 20. Qxc5 Qd6 21. Qxd6 {½-½ (21) Neelotpal,D (2486)-Nolte,R (2412) Kolkata 2008}) 13. Qxa1 Qa8 14. O-O Qxa1 15. Rxa1 Ra8 16. Rc1 Nd5 17. Ne1 e6 18. Nd3 f5 19. Bd1 Bf8 20. Bb3 N7f6 21. f3 Re8 22. Re1 Nb4 23. Nf2 Nfd5 {Black is on the road to losing.} (23... Bg7 $14) 24. e4 $16 fxe4 25. fxe4 Nf4 (25... Nf6 $142 26. Nd2 Bc8) 26. Rd1 $18 Nh5 27. Bc3 Nf4 {[#] And now ...Ne2+ would win.} 28. Kf1 Ra8 29. g3 Nh5 30. Ne5 Ng7 31. Nfg4 {[#] Threatening mate with Nf6+.} Be7 32. d5 Ra3 $2 (32... h5 33. dxe6 hxg4) 33. Bxb4 {White is clearly winning.} Bxb4 34. dxe6 {White wants to mate with e7+.} Kf8 35. Rd8+ Ne8 36. Bd5 Bxd5 37. exd5 ({Inferior is} 37. Rxd5 Bd6 $11) 37... Bd6 38. Rd7 {Weighted Error Value: White=0.16/Black=0.24} 1-0

[Event "SRB-ch Semifinal 2021"]
[Site "Paracin"]
[Date "2021.03.18"]
[Round "4.2"]
[White "Ratkovic, Miloje"]
[Black "Drazic, Sinisa"]
[Result "1-0"]
[WhiteElo "2497"]
[BlackElo "2334"]
[Annotator "TA"]
[PlyCount "116"]
[EventDate "2021.03.16"]
[EventType "swiss"]
[EventCountry "SRB"]
[SourceTitle "playchess.com"]
[Source "ChessBase"]
[SourceQuality "1"]

{[%evp 19,116,54,66,64,60,68,70,70,72,59,64,57,59,59,58,52,52,60,47,56,58,58,58,62,77,73,90,87,88,87,94,94,94,94,94,94,94,65,72,72,72,72,238,235,233,123,310,310,449,375,441,432,568,568,564,557,550,548,533,525,491,483,464,431,581,579,572,573,570,566,1313,1454,1278,1223,1484,1484,5085,7308,9114,11339,11339,12139,10352,9331,7504,6698,6159,5866,5512,4678,5540,4530,29968,29969,29972,29972,29974,29975,5175]} 1. d4 d5 2. c4 dxc4 3. e3 Nf6 4. Bxc4 e6 5. Nf3 a6 6. O-O c5 7. Qe2 Nc6 8. Rd1 cxd4 9. exd4 Be7 10. Nc3 O-O 11. d5 {D26: Queen's Gambit Accepted: 4 e3 e6 5 Bxc5 c5 sidelines.} exd5 12. Nxd5 Nxd5 13. Bxd5 {White is slightly better.} Qc7 14. Qe4 {[#] Bf4 is the strong threat.} Bf6 {[#]} 15. Bf4 $146 (15. Ng5 {with more complications.} Bxg5 16. Bxg5 Qe5 17. Qxe5 Nxe5 18. a3) ({Predecessor:} 15. Bg5 Bxg5 16. Nxg5 g6 17. Rac1 Bf5 18. Qh4 h5 19. h3 Rad8 20. Qc4 Qe7 21. Bxc6 Rxd1+ 22. Rxd1 bxc6 {½-½ (36) Akobian,V (2633)-Batsiashvili,N (2492) Caleta 2017}) 15... Qe7 16. Bxc6 bxc6 17. Qxe7 Bxe7 18. Bd6 Bxd6 19. Rxd6 c5 20. Rc6 Be6 21. Rxc5 Rfc8 22. Ra5 Rd8 23. Rc1 h6 24. h3 Rd5 25. Rxd5 Bxd5 26. b3 Bxf3 27. gxf3 $16 {[%mdl 4096] Endgame KR-KR} Rd8 28. Rc6 a5 29. Ra6 {Black is now going downhill.} Rd5 30. Kf1 g5 $2 (30... Kf8 $16) 31. Rxh6 $18 a4 32. Rb6 (32. bxa4 $18 Ra5 33. h4) 32... Rd2 $2 (32... Rd4 $16 33. Rb5 f6) 33. bxa4 Rxa2 (33... Kg7 $142 34. a5 Rxa2) 34. Rb4 Kg7 35. f4 Kg6 36. fxg5 Kxg5 37. Kg2 Ra3 38. f3 Ra1 39. Kg3 Rg1+ 40. Kf2 Ra1 41. Kg2 f6 42. Rg4+ Kh5 43. Kg3 Kh6 44. Rb4 Kg5 45. Rb5+ Kg6 46. a5 Ra4 47. h4 f5 48. h5+ Kg5 49. h6 {[%mdl 64] [#] Deflection} Kxh6 50. Rxf5 Kg6 51. Rb5 Kf6 52. f4 Ra1 53. Kg4 Rg1+ 54. Kf3 Ra1 55. Ke4 Ra4+ 56. Kd5 {White mates.} Rxf4 57. a6 Ra4 58. Rb6+ Ke7 {Weighted Error Value: White=0.08/Black=0.28} 1-0

[Event "SRB-ch Semifinal 2021"]
[Site "Paracin"]
[Date "2021.03.18"]
[Round "4.3"]
[White "Cabarkapa, Novak"]
[Black "Ratkovic, Milovan"]
[Result "1-0"]
[WhiteElo "2455"]
[BlackElo "2462"]
[Annotator "TA"]
[PlyCount "79"]
[EventDate "2021.03.16"]
[EventType "swiss"]
[EventCountry "SRB"]
[SourceTitle "playchess.com"]
[Source "ChessBase"]
[SourceQuality "1"]

{[%evp 11,79,29,24,16,73,64,64,64,69,56,66,45,50,36,63,61,108,102,96,102,140,45,62,23,22,21,22,20,105,101,167,100,108,100,108,108,101,99,294,275,262,293,278,239,399,381,692,685,685,685,666,670,639,622,620,371,725,603,608,381,492,490,784,769,5220,1637,29977,29978,29990,29989]} 1. e4 c6 2. Nc3 d5 3. Nf3 Bg4 4. h3 Bh5 5. exd5 cxd5 6. g4 Bg6 7. h4 {B11: Caro-Kann: Two Knights Variation.} f6 (7... e6 $11) 8. h5 Bf7 9. d4 {[#] White is slightly better.} Nc6 $146 ({Predecessor:} 9... a6 10. Bg2 Nc6 11. Bf4 e6 12. O-O Bd6 13. Bxd6 Qxd6 14. Re1 Nge7 15. Qe2 O-O {0-1 (26) Ruis,A-Babich,E Kiev 2006}) 10. g5 e6 11. Qe2 Bb4 12. Bd2 Bxc3 13. bxc3 Qd6 14. Rb1 O-O-O 15. Rh4 Nge7 16. Bh3 ({White should try} 16. h6 $16 gxh6 17. gxf6 (17. Qb5 Qd7 $16)) 16... Nf5 $14 17. Bf4 Qd7 18. Bxf5 $40 {[%mdl 128] White attacks.} exf5 19. Qb5 Rhe8+ (19... fxg5 $11 20. Nxg5 Rhe8+ 21. Kd2 h6) 20. Kf1 $16 Re4 {[#]} (20... Re6 $16 {might work better.}) 21. Nd2 (21. h6 $1 $18 {[%cal Rh6g7]} gxh6 22. gxf6) 21... a6 22. Qb6 {Nb3 is the strong threat.} ({Wrong is} 22. Nxe4 $2 axb5 23. Nd6+ {[#]} Qxd6 $1 $19 {[%mdl 512]}) 22... Rxf4 23. Rxf4 {aiming for Nb3.} fxg5 {[#]} 24. Rxf5 {[%mdl 512]} Be6 $2 {Loses the game.} (24... Bxh5 $16 25. Rxg5 Bg6) 25. Rxg5 $18 {Strongly threatening Nb3.} Rf8 26. Rg3 ({Don't play} 26. f3 Qe7 $16) 26... Rf7 27. Nf3 Bh3+ $2 (27... Rf6 {was called for.} 28. Kg1 Bg4) 28. Kg1 Qf5 $2 (28... Bf5 29. c4 dxc4) 29. Re1 Bg4 30. Re8+ Kd7 {[#]} 31. Re5 Qf4 32. Re3 Kc8 33. Kf1 Rf8 $2 (33... Bxh5 34. c4 Qc7 35. Qxc7+ Kxc7 36. cxd5 Bxf3) 34. Qc5 Bxh5 35. Qxd5 Bf7 36. Qc5 Bxa2 (36... Bg6 $142 37. d5 {[%mdl 64] Pin} Rf5) 37. Rxg7 Be6 38. d5 (38. Rxe6 $142 Qxf3 39. d5 {[%mdl 64] Pin} Qh1+ 40. Ke2 Qf3+ 41. Kd2 Qxf2+ 42. Qxf2 Rxf2+ 43. Ke1) 38... Bh3+ 39. Ke1 Qf5 40. Qd6 {[%csl Gg7][%cal Rd6c7] Weighted Error Value: White=0.21/Black=0.42} 1-0

[Event "SRB-ch Semifinal 2021"]
[Site "Paracin"]
[Date "2021.03.18"]
[Round "4.4"]
[White "Abramovic, Bosko"]
[Black "Budisavljevic, Luka"]
[Result "1/2-1/2"]
[WhiteElo "2330"]
[BlackElo "2510"]
[Annotator "RC"]
[PlyCount "58"]
[EventDate "2021.03.16"]
[EventType "swiss"]
[EventCountry "SRB"]
[SourceTitle "playchess.com"]
[Source "ChessBase"]
[SourceQuality "1"]
[TimeControl "40/5400+30:1800+30"]

1. Nf3 {[%emt 0:00:12]} Nf6 {[%emt 0:00:11]} 2. g3 {[%emt 0:00:16]} d5 {[%emt 0:00:11]} 3. Bg2 {[%emt 0:00:57]} c5 {[%emt 0:00:14]} 4. O-O {[%emt 0:00:17]} e6 {[%emt 0:00:16]} 5. d4 {[%emt 0:01:30]} cxd4 {[%emt 0:00:21]} 6. Nxd4 {[%emt 0:00:07]} e5 {[%emt 0:00:30]} 7. Nb3 {[%emt 0:00:21]} Be6 {[%emt 0:00:35]} 8. c4 {[%emt 0:05:13]} Nc6 {[%emt 0:00:49]} 9. cxd5 {[%emt 0:00:11]} Nxd5 {[%emt 0:00:15]} 10. Bd2 {[%emt 0:00:26]} Be7 {[%emt 0:04:11]} 11. Nc3 {[%emt 0:00:06]} Nb6 {[%emt 0:04:59]} 12. Ne4 {[%emt 0:10:01]} Na4 {[%emt 0:20:04]} 13. Na5 {[%emt 0:12:28]} Nxb2 {[%emt 0:09:00]} 14. Nxb7 {[%emt 0:06:46]} Qb6 {[%emt 0:34:43]} 15. Qb1 {[%emt 0:23:20]} O-O {[%emt 0:05:10]} 16. Nbc5 {[%emt 0:03:08]} Bf5 {[%emt 0:02:48]} 17. Bc3 {[%emt 0:00:22]} Rab8 {[%emt 0:02:58]} 18. e3 {[%emt 0:23:19]} Kh8 {[%emt 0:04:40]} 19. Bxb2 {[%emt 0:01:17]} Qxb2 {[%emt 0:00:52]} 20. Qxb2 {[%emt 0:00:45]} Rxb2 {[%emt 0:00:02]} 21. Rfd1 {[%emt 0:05:02]} Rd8 {[%emt 0:02:43]} 22. Rxd8+ {[%emt 0:00:54]} Nxd8 {[%emt 0:00:01]} 23. h3 {[%emt 0:00:13]} h5 {[%emt 0:00:55]} 24. Nd3 {[%emt 0:00:39]} Rb5 {[%emt 0:00:41]} 25. Rc1 {[%emt 0:01:52]} Ne6 {[%emt 0:00:57]} 26. a4 {[%emt 0:00:29]} Ra5 {[%emt 0:02:13]} 27. Rc4 {[%emt 0:00:52]} Rd5 {[%emt 0:01:28]} 28. Nb4 {[%emt 0:00:35]} Rd1+ {[%emt 0:00:54]} 29. Kh2 {[%emt 0:00:06]} Bxb4 {[%emt 0:01:13]} 1/2-1/2

[Event "SRB-ch Semifinal 2021"]
[Site "Paracin"]
[Date "2021.03.18"]
[Round "4.5"]
[White "Milosevic, Milos"]
[Black "Perunovic, Miodrag"]
[Result "1-0"]
[WhiteElo "2315"]
[BlackElo "2428"]
[Annotator "TA"]
[PlyCount "121"]
[EventDate "2021.03.16"]
[EventType "swiss"]
[EventCountry "SRB"]
[SourceTitle "playchess.com"]
[Source "ChessBase"]
[SourceQuality "1"]

{[%evp 13,121,7,18,9,23,20,31,32,82,83,81,80,87,76,86,91,94,97,101,90,123,13,36,8,0,-41,0,0,19,-51,-31,-191,-183,-366,-348,-422,-409,-418,-404,-496,-423,-493,-490,-479,-460,-409,-205,-188,-156,-179,-114,-148,-44,-119,-133,-129,-136,-142,-117,-135,-135,-132,-91,-94,-37,-34,-31,-17,0,-25,0,-12,723,712,712,650,805,823,800,823,805,790,823,767,844,653,858,651,600,629,1254,1364,1508,1323,1485,1432,1268,1177,4133,4133,2640,2041,1509,865,4141,4141,4141,4141,29981,29982]} 1. e4 c5 2. Nf3 d6 3. Bb5+ Nd7 4. O-O Ngf6 5. Re1 a6 6. Bf1 b6 7. c3 Bb7 8. d3 {B51: Sicilian: Moscow Variation (3 Bb5+) without 3...Bd7.} e5 {has lost popularity (8...g6).} 9. Nbd2 Be7 10. d4 {White is slightly better.} Qc7 11. d5 O-O 12. a4 {[#]} Ne8 $146 ({Predecessor:} 12... g6 13. Nc4 b5 14. Na3 b4 15. Nc4 a5 16. Bh6 Rfb8 17. Nfd2 Ba6 18. g3 Ne8 {1-0 (35) Prasad,D (2312)-Raja,R (2155) Bhubaneswar 2017}) 13. Nc4 g6 14. Bh6 Ng7 15. Qd2 Rae8 16. h3 Bd8 17. Nh2 (17. g4 $16) 17... f5 $11 18. exf5 gxf5 19. g3 Nf6 (19... Rf6 {is more complex.} 20. b4 Rg6 21. b5 a5 22. Bg2 Nf6) 20. Bg2 Kh8 21. Ra3 (21. Nf1 $11) 21... e4 22. Qf4 $2 (22. Bf4 $15 Be7 23. Ne3) 22... Nxd5 $19 23. Qxd6 (23. Qd2) 23... Qc8 {Hoping for ...Bc7.} 24. Rd1 Bc7 25. Rxd5 Bxd6 26. Nxd6 Qe6 (26... Bxd5 $2 27. Nxc8 Rxc8 28. Bf1 $17) 27. Bxg7+ Kxg7 28. Nxe8+ Rxe8 29. Rd1 {[#]} Re7 (29... e3 $142 $1 {( -> ...exf2+)} 30. Bxb7 exf2+ 31. Kg2 Qe2 {[%mdl 64] Double Attack}) 30. Nf1 Rd7 31. Raa1 Bc6 (31... Bd5 $19 32. Ne3 Bb3 33. Rxd7+ Qxd7) 32. Ne3 Bd5 (32... Rd3 $17 33. Bf1 {[#]} a5 $1) 33. c4 (33. Bf1 $1 $15 Bb3 34. Rxd7+ Qxd7 35. Bxa6) 33... Bc6 $17 34. Rxd7+ Bxd7 (34... Qxd7 35. a5 $15) 35. Rd1 Qc6 ({Much worse is} 35... Bxa4 36. Rd6 $15) 36. b3 Be6 37. Rd8 Kf6 38. h4 Ke5 ({Black should play} 38... a5 $17 39. Bh3 Ke7) 39. Bh3 $15 Qc7 40. Rd1 Qg7 41. Kh2 Qf6 42. Rd2 f4 $2 {[%mdl 8192] [#] Black is on the road to losing.} (42... Qh8 $11) 43. Rd5+ $1 $18 {[%mdl 576] Deflection} Bxd5 44. Ng4+ {[%mdl 64] Double Attack} Kd4 45. Nxf6 e3 46. fxe3+ (46. cxd5 $2 e2 $19) 46... fxe3 47. Bg4 ({Not} 47. cxd5 $2 e2 $19) 47... Be6 48. Kg2 ({Don't blunder} 48. Bxe6 $2 e2 $19) 48... Bf7 49. Kf1 Kc3 50. Bd1 Kd2 51. Be2 Be6 {aiming for ...Bh3+.} 52. g4 h6 53. a5 bxa5 54. Ne4+ {[%mdl 64] Double Attack} Kc2 55. Nxc5 Bc8 56. Ke1 Kc3 57. g5 hxg5 58. hxg5 {Black must now prevent g6.} Kb4 59. Ne4 Bf5 60. Bd3 Be6 61. g6 {Weighted Error Value: White=0.40/Black=0.29} 1-0

[Event "SRB-ch Semifinal 2021"]
[Site "Paracin"]
[Date "2021.03.18"]
[Round "4.6"]
[White "Tadic, Stefan"]
[Black "Todorovic, Nenad I"]
[Result "1-0"]
[WhiteElo "2419"]
[BlackElo "2305"]
[Annotator "TA"]
[PlyCount "81"]
[EventDate "2021.03.16"]
[EventType "swiss"]
[EventCountry "SRB"]
[SourceTitle "playchess.com"]
[Source "ChessBase"]
[SourceQuality "1"]

{[%evp 9,81,22,21,12,41,43,34,34,13,18,18,33,95,43,59,0,0,0,-17,-24,0,-52,-58,-127,-97,-91,-88,-94,-82,-118,-55,-51,-48,-60,-66,-50,-64,-41,0,7,8,9,66,48,102,98,191,193,201,181,202,195,181,193,197,177,238,240,230,132,170,170,331,329,349,343,433,427,404,356,312,247,384,368]} 1. e4 c5 2. Nf3 d6 3. d4 cxd4 4. Nxd4 Nf6 5. Nc3 a6 6. Qd3 {B90: Sicilian Najdorf: Unusual White 6th moves, 6 Be3 Ng4 and 6 Be3 e5.} g6 7. Bg5 Bg7 8. O-O-O {White is slightly better.} O-O 9. f4 Nbd7 {[%cal Bb8d7,Bd7e5,Be5c4][%mdl 32]} 10. Be2 Qc7 (10... h6 $14 11. Bxf6 Nxf6) 11. Bf3 (11. h4 $16) 11... h6 $14 12. Bh4 ({Better is} 12. Bxf6 $14 Nxf6 13. Kb1) 12... e5 $11 {And now ...Nc5 would win.} 13. fxe5 Nxe5 {[#]} 14. Qd2 $146 {Threatening Bxf6.} ({Predecessor:} 14. Qe2 Be6 15. Kb1 Rac8 16. Bg3 Nc4 17. Rd3 Nd7 18. Nxe6 fxe6 19. Bg4 Nc5 20. Nd1 {0-1 (38) Vallejo Pons,F (2711)-Volokitin,A (2624) Almaty 2016}) 14... Nc4 15. Qf2 ({White should play} 15. Qd3 $1 $11 g5 16. Bf2) 15... Be6 $36 {[%mdl 2048] Black has the initiative.} 16. Be2 (16. Bxf6 $15 Bxf6 17. Be2) 16... Nd7 17. Bxc4 Bxc4 ({Of course not} 17... Qxc4 $6 18. Be7 $11) 18. Kb1 Rac8 19. Nb3 Ne5 (19... Bxc3 $17 20. bxc3 Rfe8) 20. Qd2 $15 Be6 $1 21. Qxd6 Qxd6 22. Rxd6 Nc4 23. Rd3 {[#]} Na3+ $1 {[%mdl 1024] Black has compensation.} 24. Kc1 {Hoping for Be7.} Bc4 25. Rf3 {Threatens to win with Be7.} Nb5 ({Black should try} 25... Rfe8 $11) 26. Nd5 $14 Kh8 (26... Rce8 $14) 27. Nb6 Bxb3 (27... Rc6 $16) 28. Nxc8 $18 ({Resist} 28. axb3 $6 Rc6 $16) 28... Bxc2 {[#]} 29. Nd6 {[%mdl 512]} Nxd6 (29... g5 30. Be1) 30. Kxc2 Nxe4 31. Rd1 Rc8+ 32. Kb1 f5 (32... Kg8 $142 33. Rfd3 Rc6 34. Rd8+ Kh7) 33. Rfd3 Rc6 34. Rb3 (34. Rd8+ $18 Kh7 35. R1d7) 34... b5 35. Rbd3 Rc4 $2 (35... g5 {was worth a try.}) 36. Be1 Kh7 37. Rd7 Nf6 38. Ra7 Rc6 39. Bc3 {Black must now prevent Bxf6.} g5 40. Rd8 Re6 (40... f4 $142 41. h3 h5) 41. Rda8 {Weighted Error Value: White=0.17/Black=0.28} 1-0